000 00330nam a22001457a 4500
003 OSt
005 20160727222403.0
008 160623b xxu||||| |||| 00| 0 eng d
040 _cTEST
100 _9741
_aCarlson, D
245 _aCallme Amanda
260 _aNEW YORK
_bE.P.DUTTON
_c1981
300 _aCallme Amanda
942 _2ddc
_cBK
999 _c599
_d599